000 00475nam a2200181 4500
003 LK-CoMWRAF
005 20230908100707.0
008 230908b1985 |||||||| |||| 00| 0 eng d
020 _a0345414055
040 _aLK-CoMWRAF
_dLK-CoMWRAF
_eLK-CoMWRAF
041 _aeng
082 _a823
_bEME
100 _aEmerson, Earl
245 _aThe Rainy city :
_bThe first thomas black mystery
260 _aU. S. A. :
_bEarl Emerson,
_c1985
650 _aEnglish Fiction
942 _cBK
999 _c3476
_d3476